Les îles et leurs anciens noms - Statistiques

Statistiques générales
  • Ce quiz a été pris 141 fois
    105 depuis la dernière actualisation
  • Le résultat moyen est 5 sur 11
Statistiques - réponses
Ancien nom Nom actuel % Correct
Ceylan Sri Lanka
94%
Saint Domingue (tiers ouest de l'île) Haiti
84%
Saint Domingue (deux tiers de l'île) République Dominicaine
81%
îles Falkland - appelées également ... Malouines
69%
Nouvelles Hébrides Vanuatu
55%
l'isle de France Maurice
52%
Bourbon La Réunion
44%
Yeso ou Ezo Hokkaido
25%
îles de la désolation Kerguelen
19%
Ellice Tuvalu
14%
archipel des onze mille vierges Saint Pierre et Miquelon
4%
Aucun quiz correspondant
Distribution des résultats
% des personnes avec chaque résultat
Percentile par nombre de réponses
Votre historique - résultats
Vous n’avez pas pris ce quiz depuis la dernière actualisation